000 00785nam a2200205 i 4500
001 162089
003 ES-MaACL
005 20230906212426.0
008 931025s1879 sp a |||| | spa d
100 1 _aPicot, Jean-Joseph.
_9131134
245 1 4 _aLos grandes procesos morbosos /
_cpor J.-J. Picot ; con un prólogo del Dr. Cárlos Robin ; versión española de M. Carreras Sanchis.
260 _aMadrid :
_b[s.n.],
_c1879 (
_fImp. de Enrique Teodoro)
300 _a2 v. (XXXI, 788, [2] ; 1077, [3] p.) :
_bil. ;
_c24 cm.
594 _aPrecede al tít.: "Lecciones de patologia general"
650 4 _aPatología.
_915884
700 1 _aRobin, Charles.
_9131893
700 0 _aCarreras Sanchís, Manuel.
_935680
852 _aES-MaACL
_jG-5268-69
_z-- Enc. hol.
999 _c162089
_d162089